000 00750nam a2200253 i 4500
003 DO-SdBNP
005 20240830113725.0
007 ta
008 240830s2009 dr a 000 0 spa d
020 _a9789934871425
040 _aDO-SdBNP
_bspa
_cBNPHU
_erda
082 _bF825
_222
100 1 _aFranco, Franklin J.,
_d1936-
_934417
_eautor
245 1 0 _aDocumentos para la historia de la A:D:H: /
_cFranklin J. Franco
250 _a1a. edición
264 _aSanto Domingo :
_bCuesta Veliz ediciones,
_c2009.
300 _a84 páginas
_c26 cm.
336 _2rdacontent
_atexto
_btxt
337 _2rdamedia
_asin mediación
_bn
338 _2rdacarrier
_avolumen
_bnc
590 _aInventariado, 2024/ YL
910 _aYLockward
942 _2ddc
_cLBS1
999 _c57593
_d57593